| 000 | 00838nac a22002051u 4500 | ||
|---|---|---|---|
| 008 | 101101t xxu||||| |||| 00| 0 eng d | ||
| 010 | _a2003057873 | ||
| 020 | _a0805348255 (pbk.) | ||
| 020 | _a9780805348255 | ||
| 082 | 0 | 0 |
_a660.6 _bTHI |
| 100 |
_aThieman, William J. _920846 |
||
| 245 | 1 | 0 |
_aIntroduction to Biotechnology / _cWilliam J. Thieman, Michael A. Palladino. |
| 260 |
_aSan Francisco : _bPearson/Benjamin Cummings,2004 _c2004. |
||
| 300 |
_axiv, 304 p. : _bill. ; _c28 cm. |
||
| 504 | _aIncludes bibliographical references and index. | ||
| 650 | 0 |
_aBiotechnology. _920847 |
|
| 700 | 1 |
_aPalladino, Michael Angelo. _920848 |
|
| 942 |
_cBB _k660.6 THI _2ddc |
||
| 999 |
_c781 _d781 |
||